[Event "7th Chennai Open"]
[Site "Chennai"]
[Date "2014.12.31"]
[Round "3"]
[White "Shivananda, B.S."]
[Black "Swapnil, S. Dhopade"]
[Result "0-1"]
[WhiteElo "2305"]
[BlackElo "2418"]
[PlyCount "74"]
[EventDate "2014.12.30"]
[EventType "swiss"]
[EventRounds "10"]
[EventCountry "IND"]

1. f4 d5 2. Nf3 Nf6 3. g3 g6 4. Bg2 Bg7 5. d3 c5 6. O-O O-O 7. Qe1 Nc6 8. Na3
d4 9. Bd2 Nd5 10. c3 b6 11. Nc2 Bb7 12. c4 Nf6 13. h3 Qc7 14. g4 e5 15. Ng5 h6
16. Ne4 Nxe4 17. Bxe4 exf4 18. Bxf4 Ne5 19. Bxb7 Qxb7 20. Qg3 Rae8 21. Rf2 g5
22. Bd2 Ng6 23. Ne1 Be5 24. Qf3 Qxf3 25. Nxf3 Bg3 26. Rg2 Bf4 27. Be1 Be3+ 28.
Kh1 Nf4 29. Rh2 f5 30. Bg3 fxg4 31. hxg4 Nxd3 32. Rxh6 Nxb2 33. Kg2 Bf4 34.
Bxf4 Rxe2+ 35. Kf1 d3 36. Rg6+ Kh7 37. Rxg5 Rxf4 0-1

[Event "7th Chennai Open"]
[Site "Chennai"]
[Date "2014.12.31"]
[Round "3"]
[White "Gagare, Shardul"]
[Black "Harsha, Bharathakoti"]
[Result "1-0"]
[WhiteElo "2411"]
[BlackElo "2309"]
[PlyCount "83"]
[EventDate "2014.12.30"]
[EventType "swiss"]
[EventRounds "10"]
[EventCountry "IND"]

1. c4 Nf6 2. g3 c6 3. Bg2 d5 4. Nf3 dxc4 5. O-O Nbd7 6. a4 a5 7. Na3 Nb6 8. Qc2
Qd5 9. Ne1 Qd4 10. e3 Qg4 11. e4 e5 12. Nxc4 Nxc4 13. Qxc4 Be6 14. Qc3 Nxe4 15.
Qxe5 Nc5 16. d4 Nd7 17. Qc7 Be7 18. Qxb7 O-O 19. Qxc6 Qxd4 20. Nf3 Qb4 21. Bd2
Qb6 22. Qxb6 Nxb6 23. Nd4 Bd5 24. Nc6 Bf6 25. Bxa5 Bxg2 26. Kxg2 Nc4 27. Bc3
Nxb2 28. Bxf6 gxf6 29. a5 Kg7 30. Rfb1 Nc4 31. Ra4 Nd6 32. a6 Rfc8 33. Rb6 Rc7
34. a7 Nb7 35. Rab4 Nd6 36. Rb8 Raxa7 37. Nxa7 Rxa7 38. Rg4+ Kh6 39. Rbg8 Nf5
40. Rf4 Ra5 41. h4 Rb5 42. Kh3 1-0

[Event "7th Chennai Open"]
[Site "Chennai"]
[Date "2014.12.31"]
[Round "3"]
[White "Abhishek, Kelkar"]
[Black "Laxman, R.R."]
[Result "1-0"]
[WhiteElo "2280"]
[BlackElo "2408"]
[PlyCount "85"]
[EventDate "2014.12.30"]
[EventType "swiss"]
[EventRounds "10"]
[EventCountry "IND"]

1. d4 Nf6 2. Nf3 e6 3. c4 b6 4. a3 Bb7 5. Nc3 d5 6. cxd5 Nxd5 7. e3 g6 8. h4
Nxc3 9. bxc3 Bg7 10. Bd3 Nd7 11. e4 Nc5 12. Bg5 Nxd3+ 13. Qxd3 f6 14. Be3 Qd7
15. Nd2 h6 16. f3 f5 17. Qc2 Bf6 18. e5 Be7 19. a4 a5 20. Qb3 Kf7 21. h5 g5 22.
O-O Kg7 23. Ra2 Rhg8 24. Rd1 Kh7 25. c4 Bb4 26. Nf1 f4 27. Bd2 g4 28. Bxb4 axb4
29. d5 Qf7 30. Nh2 gxf3 31. Qxf3 Rg3 32. Qe4+ Kh8 33. Rf2 Rf8 34. Rdd2 Re3 35.
Qd4 Qxh5 36. Rxf4 Re1+ 37. Nf1 Rg8 38. Rf6 exd5 39. Qf4 Kh7 40. Rf7+ Rg7 41.
Rxg7+ Kxg7 42. Qg3+ Kh7 43. Qf4 1-0

[Event "7th Chennai Open"]
[Site "Chennai"]
[Date "2014.12.31"]
[Round "3"]
[White "Rajesh, V A V."]
[Black "Hemant, Sharma (del)"]
[Result "1/2-1/2"]
[WhiteElo "2408"]
[BlackElo "2234"]
[PlyCount "74"]
[EventDate "2014.12.30"]
[EventType "swiss"]
[EventRounds "10"]
[EventCountry "IND"]

1. d4 d5 2. c4 e6 3. Nf3 Nf6 4. Nc3 Be7 5. Bf4 O-O 6. e3 c5 7. dxc5 Bxc5 8. a3
Bb6 9. Bg5 dxc4 10. Bxc4 Qxd1+ 11. Rxd1 Nc6 12. O-O e5 13. Bb5 Bc7 14. Bxf6
gxf6 15. Ne4 Kg7 16. Nd6 Ne7 17. Nxc8 Raxc8 18. Rd7 Nf5 19. Rc1 Bb6 20. Rxc8
Rxc8 21. g4 e4 22. Nd2 Nh6 23. h3 f5 24. g5 Ng8 25. Rxb7 Rc7 26. Rb8 f4 27.
Nxe4 fxe3 28. fxe3 Bxe3+ 29. Kf1 Bf4 30. Ra8 f6 31. b4 fxg5 32. Nc5 Re7 33. Bc4
Nh6 34. Ne6+ Kf6 35. h4 Nf5 36. hxg5+ Bxg5 37. Rf8+ Ke5 1/2-1/2

[Event "7th Chennai Open"]
[Site "Chennai"]
[Date "2014.12.31"]
[Round "3"]
[White "Maheswaran, P."]
[Black "Brunello, Sabino"]
[Result "1/2-1/2"]
[WhiteElo "2275"]
[BlackElo "2573"]
[PlyCount "53"]
[EventDate "2014.12.30"]
[EventType "swiss"]
[EventRounds "10"]
[EventCountry "IND"]
[TimeControl "6000+735"]
[WhiteClock "0:04:56"]
[BlackClock "0:26:06"]

1. Nf3 Nf6 2. c4 c5 3. g3 d5 4. cxd5 Nxd5 5. Nc3 Nc6 6. Bg2 Nc7 7. O-O e5 8. a3
Rb8 9. d3 Be7 10. Nd2 Bd7 11. Nc4 f6 12. a4 O-O 13. f4 Kh8 14. fxe5 Nxe5 15.
Nxe5 fxe5 16. Rxf8+ Qxf8 17. Be3 Ne6 18. Nd5 Bd6 19. Bd2 Qc8 20. Bc3 Qe8 21.
Ne3 Ng5 22. Nc4 Bc7 23. Qd2 Nh3+ 24. Kh1 Nf2+ 25. Kg1 Nh3+ 26. Kh1 Nf2+ 27. Kg1
1/2-1/2

[Event "7th Chennai Open"]
[Site "Chennai"]
[Date "2014.12.31"]
[Round "3"]
[White "Kathmale, Sameer"]
[Black "Mozharov, Mikhail"]
[Result "0-1"]
[WhiteElo "2267"]
[BlackElo "2557"]
[PlyCount "112"]
[EventDate "2014.12.30"]
[EventType "swiss"]
[EventRounds "10"]
[EventCountry "IND"]

1. e4 c6 2. d4 d5 3. Nd2 dxe4 4. Nxe4 Bf5 5. Ng3 Bg6 6. h4 h6 7. Nf3 e6 8. h5
Bh7 9. Bd3 Bxd3 10. Qxd3 Nf6 11. Bd2 Be7 12. O-O-O O-O 13. Kb1 c5 14. Be3 cxd4
15. Nxd4 Nbd7 16. Ne4 Qa5 17. g4 Ne5 18. Nxf6+ Bxf6 19. Qe2 Rfc8 20. Nb3 Qa4
21. Bd4 Qc4 22. Qxc4 Rxc4 23. Na5 Ra4 24. Nxb7 Nxg4 25. Bxf6 Nxf6 26. b3 Rf4
27. Nd6 Rxf2 28. c4 Kf8 29. Rhf1 Rh2 30. c5 Ke7 31. c6 Nd5 32. Nf5+ Kf8 33.
Rxd5 exd5 34. c7 Rc8 35. Rc1 Ke8 36. Nd6+ Kd7 37. Nxc8 Kxc8 38. Rf1 Rxh5 39.
Rxf7 g5 40. Rf5 Rh1+ 41. Kc2 Kxc7 42. Rxd5 Rh2+ 43. Kc3 Rxa2 44. Rf5 g4 45.
Rf7+ Kd6 46. Rf6+ Ke5 47. Rxh6 g3 48. Rg6 Kf4 49. b4 g2 50. Kb3 Re2 51. Kc4 Kf3
52. Kb5 Kf2 53. Rf6+ Ke1 54. Rg6 Kf1 55. Ka6 Ra2+ 56. Kb7 g1=Q 0-1

[Event "7th Chennai Open"]
[Site "Chennai"]
[Date "2014.12.31"]
[Round "3"]
[White "Sahoo, Utkal Ranjan"]
[Black "Gasanov, Eldar"]
[Result "1/2-1/2"]
[WhiteElo "2247"]
[BlackElo "2526"]
[PlyCount "82"]
[EventDate "2014.12.30"]
[EventType "swiss"]
[EventRounds "10"]
[EventCountry "IND"]

1. d4 f5 2. Nf3 Nf6 3. c4 g6 4. Nc3 Bg7 5. Bf4 d6 6. e3 O-O 7. Be2 Nc6 8. O-O
Ne4 9. Bg3 Nxg3 10. hxg3 e5 11. Rb1 exd4 12. Nxd4 Nxd4 13. exd4 f4 14. g4 Qf6
15. Nd5 Qf7 16. Bf3 Be6 17. Re1 Rae8 18. b3 Bc8 19. Qd2 c6 20. Nc3 a6 21. Ne4
Qc7 22. d5 Be5 23. dxc6 bxc6 24. Rbd1 Rd8 25. b4 Rfe8 26. a4 Kg7 27. Qd3 Qb6
28. b5 d5 29. Nd2 axb5 30. cxd5 Bd4 31. Rf1 Ba6 32. axb5 Bxb5 33. Nc4 cxd5 34.
Nxb6 Bxd3 35. Rxd3 Bxb6 36. Rb1 Rd6 37. Rxd5 Rxd5 38. Bxd5 Bd4 39. g5 Re2 40.
Rb7+ Kf8 41. Rxh7 Bxf2+ 1/2-1/2

[Event "7th Chennai Open"]
[Site "Chennai"]
[Date "2014.12.31"]
[Round "3"]
[White "Lakshmi Narayanan, Mv"]
[Black "Neverov, Valeriy"]
[Result "0-1"]
[WhiteElo "2215"]
[BlackElo "2501"]
[PlyCount "74"]
[EventDate "2014.12.30"]
[EventType "swiss"]
[EventRounds "10"]
[EventCountry "IND"]

1. d4 Nf6 2. c4 g6 3. Nc3 Bg7 4. e4 d6 5. Be2 O-O 6. Bg5 Na6 7. Nf3 h6 8. Bc1
e5 9. d5 Nc5 10. Nd2 a5 11. O-O Bd7 12. b3 Ne8 13. a3 f5 14. Bb2 Nf6 15. f3 h5
16. b4 axb4 17. axb4 Rxa1 18. Qxa1 Na6 19. Qa3 Bh6 20. Bc1 h4 21. Nb3 Bxc1 22.
Qxc1 Nxb4 23. Qh6 f4 24. Qxh4 Kg7 25. Qf2 b6 26. Qe1 Nc2 27. Qd2 Ne3 28. Ra1
Rh8 29. Ra7 Ne8 30. Qe1 Qg5 31. Bf1 Qh6 32. h3 Qg5 33. Kf2 Qg3+ 34. Ke2 Qh2 35.
Nb5 Bxb5 36. cxb5 Rxh3 37. Nd2 Rg3 0-1

[Event "7th Chennai Open"]
[Site "Chennai"]
[Date "2014.12.31"]
[Round "3"]
[White "Narayanan, Srinath"]
[Black "Haribalu, V."]
[Result "1-0"]
[WhiteElo "2461"]
[BlackElo "2203"]
[PlyCount "77"]
[EventDate "2014.12.30"]
[EventType "swiss"]
[EventRounds "10"]
[EventCountry "IND"]

1. e4 c5 2. Nf3 e6 3. d4 cxd4 4. Nxd4 a6 5. Nc3 Qc7 6. Be2 Nf6 7. O-O Nc6 8.
Be3 Bb4 9. Na4 O-O 10. c4 Bd6 11. g3 Nxe4 12. c5 Be7 13. Rc1 f5 14. Bf3 Ng5 15.
Bg2 e5 16. Nb6 Rb8 17. Nd5 Qd8 18. Nxe7+ Qxe7 19. Qb3+ Kh8 20. Bxg5 Qxg5 21.
Bxc6 exd4 22. Bg2 f4 23. Qb6 d5 24. cxd6 f3 25. Bxf3 Bh3 26. Bg2 Bxg2 27. Kxg2
Qd5+ 28. Kg1 Rfd8 29. Rfe1 Rxd6 30. Qc7 Rf8 31. Re7 Qf5 32. Rf1 Qf6 33. Rxg7
Rc6 34. Rxh7+ Kg8 35. Qxb7 Rc2 36. Rh4 Rf7 37. Qb8+ Kg7 38. Qh8+ Kg6 39. Qh6+
1-0

[Event "7th Chennai Open"]
[Site "Chennai"]
[Date "2014.12.31"]
[Round "3"]
[White "Shyam, Nikil P"]
[Black "Mari Arul, S."]
[Result "1-0"]
[WhiteElo "2454"]
[BlackElo "2196"]
[PlyCount "73"]
[EventDate "2014.12.30"]
[EventType "swiss"]
[EventRounds "10"]
[EventCountry "IND"]

1. b3 e5 2. Bb2 Nc6 3. e3 Nf6 4. Bb5 Bd6 5. Na3 Na5 6. Be2 a6 7. c4 O-O 8. Nc2
e4 9. f3 Nc6 10. fxe4 Nxe4 11. Nf3 Be7 12. d3 Bh4+ 13. g3 Bf6 14. Bxf6 Nxf6 15.
e4 d6 16. Qd2 Ng4 17. O-O f5 18. exf5 Bxf5 19. Nh4 Bd7 20. Bf3 Kh8 21. d4 Rf6
22. h3 Nh6 23. g4 Rf8 24. Ng2 Nf7 25. Bd5 Nh6 26. Bf3 Nf7 27. h4 Nh6 28. Nce3
Qc8 29. g5 Nf5 30. Nxf5 Rxf5 31. Be4 Rxf1+ 32. Rxf1 Qe8 33. Rf4 Nd8 34. Qd3 Ne6
35. Rf2 c5 36. Bxh7 Nxd4 37. Nf4 1-0

[Event "7th Chennai Open"]
[Site "Chennai"]
[Date "2014.12.31"]
[Round "3"]
[White "Andrenko, Irina"]
[Black "Sunilduth Lyna, Narayanan"]
[Result "0-1"]
[WhiteElo "2202"]
[BlackElo "2437"]
[PlyCount "64"]
[EventDate "2014.12.30"]
[EventType "swiss"]
[EventRounds "10"]
[EventCountry "IND"]

1. e4 c6 2. d4 d5 3. Nc3 dxe4 4. Nxe4 Bf5 5. Ng3 Bg6 6. h4 h6 7. Nf3 Nf6 8. Ne5
Bh7 9. Bc4 e6 10. c3 Nbd7 11. f4 Bd6 12. Qe2 O-O 13. O-O Qc7 14. Nh5 Nxh5 15.
Qxh5 Nf6 16. Qe2 c5 17. dxc5 Bxc5+ 18. Kh2 Bd6 19. Kg1 Rad8 20. Bd3 Bf5 21.
Bxf5 exf5 22. Qc2 Ne4 23. Nd3 Bc5+ 24. Nxc5 Qxc5+ 25. Kh2 Rfe8 26. Rf3 Nf6 27.
Rf1 Ng4+ 28. Kh3 Qc4 29. Rf3 Re1 30. Qxf5 h5 31. Qxh5 Nf6 32. Qg5 Rh1+ 0-1

[Event "7th Chennai Open"]
[Site "Chennai"]
[Date "2014.12.31"]
[Round "3"]
[White "Prasanna, Raghuram Rao"]
[Black "Ritviz, Parab"]
[Result "1-0"]
[WhiteElo "2436"]
[BlackElo "2187"]
[PlyCount "79"]
[EventDate "2014.12.30"]
[EventType "swiss"]
[EventRounds "10"]
[EventCountry "IND"]

1. e4 e5 2. Nf3 Nc6 3. Bb5 a6 4. Ba4 Nf6 5. d3 d6 6. c3 Be7 7. Nbd2 O-O 8. Nf1
Bd7 9. Ng3 Re8 10. O-O b5 11. Bc2 Bf8 12. h3 d5 13. Bg5 dxe4 14. dxe4 Be7 15.
Qe2 h6 16. Be3 Bf8 17. Rfd1 Qe7 18. b4 Red8 19. a4 Qe8 20. axb5 axb5 21. Bd3
Rxa1 22. Rxa1 Nb8 23. Ra7 Rc8 24. Rb7 c6 25. Ba7 Bd6 26. Qd2 Bc7 27. Nh4 Be6
28. Nhf5 Nbd7 29. Be3 Nh7 30. Bb1 Qd8 31. Ba2 Ndf8 32. Bxh6 Bxa2 33. Qxa2 Ra8
34. Qb3 g6 35. c4 bxc4 36. Qxc4 gxf5 37. exf5 Ra1+ 38. Kh2 Qd1 39. Ne4 Qd5 40.
Qe2 1-0

[Event "7th Chennai Open"]
[Site "Chennai"]
[Date "2015.01.01"]
[Round "4"]
[White "Ramnath, Bhuvanesh.R"]
[Black "Cruz, Cristhian"]
[Result "1/2-1/2"]
[WhiteElo "2405"]
[BlackElo "2546"]
[PlyCount "38"]
[EventDate "2014.12.30"]
[EventType "swiss"]
[EventRounds "10"]
[EventCountry "IND"]
[WhiteClock "0:33:57"]
[BlackClock "0:42:09"]

1. e4 c5 2. Nf3 d6 3. Bb5+ Nd7 4. c3 Ngf6 5. Qe2 a6 6. Ba4 e5 7. O-O Be7 8. d4
b5 9. Bc2 O-O 10. Rd1 Qc7 11. a4 Rb8 12. axb5 axb5 13. dxe5 dxe5 14. c4 bxc4
15. Na3 Nb6 16. Nb5 Qc6 17. Na7 Qc7 18. Nb5 Qc6 19. Na7 Qc7 1/2-1/2

[Event "7th Chennai Open"]
[Site "Chennai"]
[Date "2015.01.01"]
[Round "4"]
[White "Rathnakaran, K."]
[Black "Karthikeyan, Murali"]
[Result "1-0"]
[WhiteElo "2387"]
[BlackElo "2497"]
[PlyCount "85"]
[EventDate "2014.12.30"]
[EventType "swiss"]
[EventRounds "10"]
[EventCountry "IND"]

1. e4 g6 2. d4 Bg7 3. Nf3 d6 4. h3 Nf6 5. Nc3 O-O 6. Bg5 c5 7. d5 b5 8. Bxb5
Nxe4 9. Nxe4 Qa5+ 10. Nc3 Bxc3+ 11. bxc3 Qxb5 12. Nd2 f6 13. Bh6 Rf7 14. c4 Qa4
15. O-O Nd7 16. Re1 Nb6 17. Qf3 Bf5 18. g4 Bd7 19. Qd3 Re8 20. Re3 Bc8 21. Rae1
Ba6 22. Re4 Nd7 23. f4 Bc8 24. a3 Nf8 25. R4e3 Qd7 26. Ne4 Qd8 27. Kh2 Bd7 28.
Qc3 Qb8 29. f5 Ba4 30. Bxf8 Rexf8 31. Ng3 Qb7 32. h4 Qd7 33. Qd3 Kg7 34. Ne2
gxf5 35. gxf5 Kh8 36. Nf4 Rb8 37. Ne6 Qb7 38. Rg3 Bd7 39. Reg1 Qb2 40. Kh3 Qe5
41. Qf3 Bxe6 42. dxe6 Rff8 43. Qg4 1-0

[Event "7th Chennai Open"]
[Site "Chennai"]
[Date "2015.01.01"]
[Round "4"]
[White "Nguyen, Van Huy"]
[Black "Gagare, Shardul"]
[Result "1/2-1/2"]
[WhiteElo "2445"]
[BlackElo "2411"]
[PlyCount "113"]
[EventDate "2014.12.30"]
[EventType "swiss"]
[EventRounds "10"]
[EventCountry "IND"]
[WhiteClock "0:01:18"]
[BlackClock "0:01:45"]

1. d4 d5 2. Nf3 Nf6 3. c4 dxc4 4. e3 a6 5. Bxc4 e6 6. O-O c5 7. Bb3 Nc6 8. Nc3
Be7 9. dxc5 Qxd1 10. Rxd1 Bxc5 11. Bd2 Bd7 12. Rac1 Ba7 13. Bc2 O-O 14. Ne4
Nxe4 15. Bxe4 Rfd8 16. Bc3 f6 17. Nd4 Bxd4 18. Bxd4 Be8 19. Bc3 Rxd1+ 20. Rxd1
Rd8 21. Rc1 Rd6 22. f4 Bh5 23. Kf2 Kf7 24. h3 Bg6 25. Bf3 e5 26. g4 exf4 27.
exf4 Ke7 28. Re1+ Kd7 29. g5 b5 30. Bg4+ Kc7 31. gxf6 gxf6 32. Rd1 f5 33. Bf3
Bf7 34. a3 Rh6 35. Rg1 Bc4 36. Rg7+ Kd6 37. Kg3 Bf1 38. h4 Rg6+ 39. Kf2 Rxg7
40. Bxg7 Bc4 41. Bf8+ Kd7 42. Ke3 Nd8 43. Bb4 Ne6 44. Bb7 Nc7 45. Kd4 Ke6 46.
Bc8+ Kf6 47. Bc3 Ne6+ 48. Ke3+ Kg6 49. Bxa6 Kh5 50. Be1 Nc5 51. Bc8 Kg4 52. Bc3
Be6 53. b4 Bxc8 54. bxc5 Kxh4 55. c6 Kg4 56. Bd2 h5 57. Kf2 1/2-1/2

[Event "7th Chennai Open"]
[Site "Chennai"]
[Date "2015.01.01"]
[Round "4"]
[White "Swapnil, S. Dhopade"]
[Black "Abhishek, Kelkar"]
[Result "1-0"]
[WhiteElo "2418"]
[BlackElo "2280"]
[PlyCount "120"]
[EventDate "2014.12.30"]
[EventType "swiss"]
[EventRounds "10"]
[EventCountry "IND"]
[WhiteClock "0:03:49"]
[BlackClock "0:01:39"]

1. d4 d5 2. Nf3 Nf6 3. c4 c6 4. g3 Bf5 5. Nc3 e6 6. Nh4 Bg6 7. Nxg6 hxg6 8. Qd3
Nbd7 9. Bg2 Qa5 10. cxd5 cxd5 11. O-O Bb4 12. Bd2 O-O 13. a3 Bxc3 14. Bxc3 Qb6
15. a4 a5 16. Rfb1 Rfc8 17. e3 Qc6 18. Rc1 Qb6 19. f3 g5 20. g4 Nf8 21. Bf1 Ne8
22. Qb5 Qxb5 23. Bxb5 Nd6 24. Bd3 f6 25. b3 Kf7 26. Bb2 Rxc1+ 27. Rxc1 Rc8 28.
Rxc8 Nxc8 29. Bc3 b6 30. b4 axb4 31. Bxb4 Ng6 32. Ba6 Nge7 33. Bb5 Na7 34. Bd7
Nac6 35. Bd6 e5 36. Bc7 exd4 37. exd4 Nxd4 38. Kf2 Nec6 39. Bxb6 Ke7 40. Bxc6
Nxc6 41. a5 Kd7 42. a6 Kc8 43. Bc5 Kb8 44. Ke3 Ne5 45. h3 g6 46. Bd4 Ka8 47.
Ke2 Nd7 48. Kf2 f5 49. gxf5 gxf5 50. f4 gxf4 51. Bc5 Nf6 52. Be7 Nh7 53. Kf3
Kb8 54. Kxf4 d4 55. Bb4 d3 56. Kxf5 Ka7 57. Kg6 Kxa6 58. Kf7 Nf8 59. Bd2 Kb5
60. Kg7 Nh7 1-0

[Event "7th Chennai Open"]
[Site "Chennai"]
[Date "2015.01.01"]
[Round "4"]
[White "Popov, Ivan"]
[Black "Lazarev, Vladimir"]
[Result "1-0"]
[WhiteElo "2622"]
[BlackElo "2387"]
[PlyCount "67"]
[EventDate "2014.12.30"]
[EventType "swiss"]
[EventRounds "10"]
[EventCountry "IND"]

1. e4 c5 2. Nf3 Nc6 3. d4 cxd4 4. Nxd4 Qc7 5. Nc3 e6 6. Be3 a6 7. Qf3 Nf6 8.
O-O-O Be7 9. Kb1 d6 10. Nxc6 bxc6 11. g4 Rb8 12. g5 Nd7 13. Qg3 Qa5 14. Bc1 d5
15. h4 Qb4 16. h5 Bd6 17. f4 Nc5 18. Qe3 O-O 19. e5 Be7 20. Rh3 Na4 21. Nxa4
Qxa4 22. g6 h6 23. gxf7+ Rxf7 24. Bd3 c5 25. Bg6 Rf8 26. Rg1 Rb7 27. Rhg3 Bh4
28. Rg4 d4 29. Qd2 Bd8 30. Be4 Rff7 31. f5 exf5 32. Rxg7+ Rxg7 33. Bd5+ Kf8 34.
Qxh6 1-0

[Event "7th Chennai Open"]
[Site "Chennai"]
[Date "2015.01.01"]
[Round "4"]
[White "Mozharov, Mikhail"]
[Black "Ravichandran, Siddharth"]
[Result "1-0"]
[WhiteElo "2557"]
[BlackElo "2381"]
[PlyCount "95"]
[EventDate "2014.12.30"]
[EventType "swiss"]
[EventRounds "10"]
[EventCountry "IND"]
[WhiteClock "0:37:34"]
[BlackClock "0:09:55"]

1. e4 c5 2. Nf3 a6 3. c4 Nc6 4. d4 cxd4 5. Nxd4 e5 6. Nc2 d6 7. Nc3 Be6 8. Be2
Nf6 9. O-O Be7 10. Qd3 O-O 11. Rd1 Ne8 12. Nd5 f5 13. Bf3 Bg5 14. Be3 Bxe3 15.
Qxe3 Qh4 16. exf5 Bxf5 17. Ndb4 a5 18. g3 Qd8 19. Nxc6 bxc6 20. Na3 Qc7 21. Nb5
cxb5 22. Bxa8 bxc4 23. Bd5+ Kh8 24. Rac1 Qb8 25. Bxc4 Qxb2 26. Qb3 Qxb3 27.
axb3 Bg4 28. Rd5 h5 29. Rxa5 Nf6 30. Bd5 Nxd5 31. Rxd5 Rb8 32. Rxd6 Rxb3 33.
Rd8+ Kh7 34. Re8 h4 35. gxh4 Bf3 36. Rxe5 Rb4 37. Rg5 g6 38. h3 Rxh4 39. Kh2
Rb4 40. Rc3 Bh5 41. Kg3 Kh6 42. Rgc5 Ra4 43. f4 Kg7 44. Rc7+ Kh6 45. Rb3 Ra5
46. Rb8 g5 47. Rb6+ Bg6 48. f5 1-0

[Event "7th Chennai Open"]
[Site "Chennai"]
[Date "2015.01.01"]
[Round "4"]
[White "Sharma, Dinesh K"]
[Black "Dzhumaev, Marat"]
[Result "0-1"]
[WhiteElo "2380"]
[BlackElo "2532"]
[PlyCount "134"]
[EventDate "2014.12.30"]
[EventType "swiss"]
[EventRounds "10"]
[EventCountry "IND"]
[WhiteClock "0:02:49"]
[BlackClock "0:01:56"]

1. e4 c5 2. Nf3 d6 3. d4 cxd4 4. Nxd4 Nf6 5. Nc3 Nc6 6. Bg5 Bd7 7. Qd2 Rc8 8.
O-O-O a6 9. f4 b5 10. Nxc6 Bxc6 11. Qe1 Qc7 12. Bd3 e6 13. Kb1 Be7 14. Bxf6
gxf6 15. f5 e5 16. Nd5 Bxd5 17. exd5 Qb6 18. c3 Bf8 19. Qe2 Ke7 20. a3 h5 21.
g3 h4 22. g4 Bh6 23. h3 Bg5 24. Rhe1 Rc5 25. Bc2 a5 26. Bb3 b4 27. axb4 axb4
28. c4 Ra5 29. Kc2 Rha8 30. Qf1 Be3 31. Qe2 Bg5 32. Qf1 R8a6 33. Qg1 Qc7 34.
Kd3 Kf8 35. Qf2 Kg7 36. Qg1 Ra8 37. Re4 Qb7 38. Ke2 Ra2 39. Rb1 Qa6 40. Kf3 Ra5
41. Qe1 Rxd5 42. cxd5 Qd3+ 43. Kg2 Qxb3 44. Rxb4 Qxd5+ 45. Qe4 Qd2+ 46. Kh1 Rc8
47. Qe1 Qd5+ 48. Qe4 Qc5 49. Ra4 d5 50. Qg2 d4 51. Rd1 Bf4 52. Ra3 Rb8 53. Rad3
Qb5 54. Rf3 Bg5 55. Rf2 Qb3 56. Qf1 Qd5+ 57. Qg2 Qb3 58. Qf1 Be3 59. Re2 Rc8
60. Rg2 Qd5 61. Kh2 Rb8 62. Rd3 Bg5 63. Qd1 Bf4+ 64. Kg1 e4 65. Qf1 Bg5 66. Rd1
d3 67. Kh1 Rb3 0-1

[Event "7th Chennai Open"]
[Site "Chennai"]
[Date "2015.01.01"]
[Round "4"]
[White "Krishna, C.R.G."]
[Black "Neverov, Valeriy"]
[Result "1-0"]
[WhiteElo "2365"]
[BlackElo "2501"]
[PlyCount "112"]
[EventDate "2014.12.30"]
[EventType "swiss"]
[EventRounds "10"]
[EventCountry "IND"]

1. d4 Nf6 2. c4 g6 3. g3 Bg7 4. Bg2 O-O 5. Nc3 d6 6. Nf3 Nc6 7. O-O Bf5 8. d5
Na5 9. Nd2 c6 10. b4 Nxc4 11. Nxc4 Nxd5 12. Nxd5 cxd5 13. Nb2 e6 14. a4 Rc8 15.
Ra3 Qb6 16. b5 Rc7 17. Nd3 Rfc8 18. Be3 Qa5 19. Bf4 Qb6 20. Qb1 Rc2 21. Ra2
Rxa2 22. Qxa2 Bxd3 23. exd3 Rc3 24. Rc1 Rxc1+ 25. Bxc1 h5 26. Bb2 Bd4 27. Bxd4
Qxd4 28. Qc2 b6 29. h4 Kg7 30. Bf3 Kf6 31. Bd1 Kg7 32. Kf1 Kf6 33. Qd2 Kg7 34.
Ke2 Qe5+ 35. Qe3 Qb2+ 36. Kf3 Qa1 37. Qd2 Qd4 38. Bb3 Qf6+ 39. Ke2 Qe5+ 40. Kd1
Qd4 41. Kc2 Kf8 42. Qe3 Qa1 43. Qg5 Ke8 44. Qf4 Ke7 45. Qb4 Qf1 46. Qd4 Qe2+
47. Kc1 Qe1+ 48. Bd1 Kf8 49. Kc2 Ke7 50. Qf4 Ke8 51. Qxd6 Qxf2+ 52. Kb3 Qd4 53.
Qb8+ Ke7 54. Qxa7+ Kf6 55. Bc2 Qc5 56. Qb7 Kg7 1-0

[Event "7th Chennai Open"]
[Site "Chennai"]
[Date "2015.01.01"]
[Round "4"]
[White "Vignesh, Nr"]
[Black "Narayanan, Srinath"]
[Result "1-0"]
[WhiteElo "2340"]
[BlackElo "2461"]
[PlyCount "189"]
[EventDate "2014.12.30"]
[EventType "swiss"]
[EventRounds "10"]
[EventCountry "IND"]

1. e4 e5 2. Nf3 Nc6 3. Bb5 a6 4. Ba4 Nf6 5. Bxc6 dxc6 6. d3 Nd7 7. O-O Bd6 8.
Bg5 f6 9. Be3 O-O 10. Nbd2 Nc5 11. b4 Ne6 12. c3 Kh8 13. Qc2 c5 14. bxc5 Nxc5
15. d4 Nd7 16. a4 b6 17. Nc4 Bb7 18. Rfd1 Qe7 19. Nxd6 cxd6 20. d5 Rac8 21.
Rab1 f5 22. exf5 e4 23. Ng5 Rxf5 24. Qxe4 Qxe4 25. Nxe4 Rxd5 26. Nxd6 Rc7 27.
Rxd5 Bxd5 28. Bd4 Rc6 29. Nf5 h6 30. Nxg7 Kh7 31. Re1 Nc5 32. Nh5 Bb3 33. Nf6+
Kg6 34. Ng4 Nd3 35. Re3 h5 36. Nf6 Nf4 37. Nd7 Rd6 38. Nxb6 Ne6 39. a5 Nxd4 40.
cxd4 Rxd4 41. h3 Bf7 42. Re5 h4 43. Rc5 Rd1+ 44. Kh2 Rd2 45. Nc4 Bxc4 46. Rxc4
Rxf2 47. Rc6+ Kg7 48. Rxa6 Ra2 49. Kg1 Kh7 50. Rb6 Rxa5 51. Rb4 Rh5 52. Rg4 Kh6
53. Kh2 Kh7 54. Kh1 Kh6 55. Kg1 Kh7 56. Kf2 Kh6 57. Kf3 Rf5+ 58. Ke4 Rf2 59.
Rxh4+ Kg5 60. Rg4+ Kh5 61. Ke3 Ra2 62. Kf3 Ra3+ 63. Kf2 Ra2+ 64. Kg3 Ra3+ 65.
Kh2 Rb3 66. Re4 Kg5 67. Kg1 Rb2 68. Kf1 Ra2 69. Re2 Ra3 70. Kf2 Kf4 71. Rb2 Rc3
72. g3+ Kg5 73. Rb5+ Kg6 74. Re5 Ra3 75. Re3 Ra4 76. Kf3 Kf5 77. g4+ Kg5 78.
Kg3 Ra1 79. h4+ Kf6 80. Kf4 Ra4+ 81. Re4 Ra1 82. g5+ Kg6 83. Re6+ Kg7 84. Kg4
Ra7 85. h5 Ra1 86. Re7+ Kf8 87. Re5 Kg7 88. h6+ Kg6 89. Re6+ Kf7 90. Rf6+ Kg8
91. Kh5 Ra7 92. Rd6 Ra8 93. Rd7 Ra6 94. Rd8+ Kh7 95. g6+ 1-0

[Event "7th Chennai Open"]
[Site "Chennai"]
[Date "2015.01.01"]
[Round "4"]
[White "Kunal, M."]
[Black "Shyam, Nikil P"]
[Result "1/2-1/2"]
[WhiteElo "2336"]
[BlackElo "2454"]
[PlyCount "70"]
[EventDate "2014.12.30"]
[EventType "swiss"]
[EventRounds "10"]
[EventCountry "IND"]
[WhiteClock "0:34:10"]
[BlackClock "0:33:37"]

1. e4 e5 2. Nf3 Nc6 3. Bb5 Nf6 4. O-O Nxe4 5. Re1 Nd6 6. Nxe5 Be7 7. Bf1 Nxe5
8. Rxe5 O-O 9. Nc3 Ne8 10. Nd5 Bd6 11. Re2 c6 12. Ne3 Bc7 13. Nf5 d5 14. Ne7+
Kh8 15. Nxc8 Rxc8 16. d3 Nf6 17. g3 Ng4 18. h3 Nf6 19. Bd2 Qd7 20. Bg2 Kg8 21.
Re1 Rfe8 22. Rxe8+ Rxe8 23. Qf3 Re6 24. Re1 Rxe1+ 25. Bxe1 Qe6 26. Kf1 h5 27.
Bd2 g6 28. Qe3 Qxe3 29. Bxe3 a6 30. b3 Kf8 31. c4 Ke7 32. Bg5 dxc4 33. bxc4 Bb6
34. Ke2 Ke6 35. Be3 Ke5 1/2-1/2

[Event "7th Chennai Open"]
[Site "Chennai"]
[Date "2015.01.01"]
[Round "4"]
[White "Ravi, Teja S"]
[Black "Das, Sayantan"]
[Result "1/2-1/2"]
[WhiteElo "2306"]
[BlackElo "2444"]
[PlyCount "70"]
[EventDate "2014.12.30"]
[EventType "swiss"]
[EventRounds "10"]
[EventCountry "IND"]
[WhiteClock "0:51:25"]
[BlackClock "0:16:55"]

1. d4 d5 2. c4 e6 3. Nc3 Bb4 4. Nf3 Nf6 5. Bg5 Nbd7 6. cxd5 exd5 7. Qc2 c5 8.
dxc5 Qa5 9. Bd2 Qxc5 10. a3 Bxc3 11. Qxc3 Ne4 12. Qxc5 Ndxc5 13. Nd4 Nxd2 14.
Kxd2 Bd7 15. e3 Ne4+ 16. Ke1 Rc8 17. Bd3 Nd6 18. h3 Ke7 19. Ke2 h5 20. h4 Bg4+
21. f3 Bd7 22. Rac1 a5 23. a4 b6 24. b3 Rc5 25. Rc2 Rxc2+ 26. Bxc2 Rc8 27. Bd3
Rc5 28. Kd2 g6 29. Rb1 Kd8 30. Rg1 Ke7 31. Rb1 Rc8 32. Rc1 Rxc1 33. Kxc1 Nb7
34. Kd2 Nc5 35. Kc3 Kd6 1/2-1/2